[Event "1/4 Finale"]
[Site "www.chess-mail.com"]
[Date "2019.05.18"]
[Round "1"]
[White "Stepanpech"]
[Black "Conde7"]
[WhiteElo "2550"]
[BlackElo "2780"]
[Result "0-1"]
[Round "1"]
1.d4 Ng8f6
2.c4 e6
3.Nb1c3 Bf8b4
4.e3 O-O
5.Bf1d3 d5
6.Ng1f3 b6
7.O-O Bc8b7
8.cxd5 exd5
9.a3 Bb4d6
10.b4 a6
11.Qd1b3 h6
12.Nf3e5 Nb8c6
13.f4 Nc6e7
14.Qb3c2 c5
15.dxc5 bxc5
16.bxc5 Bd6xc5
17.Ra1b1 Bb7c8
18.h3 Rf8e8
19.Nc3a4 Bc5a7
20.Rf1e1 Bc8e6
21.f5 Be6d7
22.Ne5xd7 Nf6xd7
23.Bc1b2 Ra8c8
24.Qc2d2 Rc8c6
25.Bb2d4 Qd8c7
26.Bd4xa7 Qc7xa7
27.Rb1c1 d4
28.e4 Nd7e5
29.Re1d1 Re8b8
30.Rc1b1 Kh7
31.Rb1xb8 Qa7xb8
32.Qd2b2 Qb8d6
33.Qb2b3 Rc6c8
34.Bd3f1 Rc8b8
35.Qb3g3 f6
36.Qg3f2 Ne7c6
37.Qf2g3 { time. }
0-1

[Event "1/128 Finale"]
[Site "www.chess-mail.com"]
[Date "2019.05.18"]
[Round "1"]
[White "Stepanpech"]
[Black "Bojan"]
[WhiteElo "2560"]
[BlackElo "2020"]
[Result "0-1"]
[Round "1"]
1.e4 e5
2.f4 exf4
3.Ng1f3 c5
4.Nb1c3 a6
5.Bf1c4 f6
6.Nf3e5 Ng8h6
7.Qd1h5 g6
8.Ne5xg6 hxg6
9.Qh5xg6 Ke7
10.d4 cxd4
11.Nc3d5 Kd6
12.Bc1xf4 Kc5
13.Bf4c7 Qd8xc7
14.Nd5xc7 Kxc4
15.Qg6xf6 Rh8g8
16.Qf6e5 { time. }
0-1

[Event "1/8 Finale"]
[Site "www.chess-mail.com"]
[Date "2019.05.18"]
[Round "1"]
[White "Asoka"]
[Black "Dougbeer"]
[WhiteElo "2740"]
[BlackElo "2580"]
[Result "1-0"]
[Round "1"]
1.c4 g6
2.d4 Bf8g7
3.Nb1c3 Ng8f6
4.e4 d6
5.Ng1f3 O-O
6.Bf1e2 e5
7.d5 Nb8a6
8.O-O Na6c5
9.Qd1c2 a5
10.Bc1g5 h6
11.Bg5e3 b6
12.Nf3d2 Nf6h7
13.Nd2b3 f5
14.exf5 gxf5
15.Nb3xc5 bxc5
16.f3 Nh7f6
17.Nc3b5 a4
18.Be3d2 Bc8d7
19.Ra1d1 Kh8
20.Be2d3 Nf6h5
21.Rf1f2 f4
22.Bd3g6 Nh5f6
23.Kh1 Bd7xb5
24.cxb5 Qd8d7
25.g3 fxg3
26.Rf2g2 Ra8b8
27.Rg2xg3 Qd7xb5
28.Bd2c1 Nf6xd5
29.Bg6e4 Nd5f4
30.Bc1xf4 Rf8xf4
31.Rd1g1 Rf4f7
32.Qc2g2 { resign }
1-0

[Event "Tourn. n10131"]
[Site "www.echecsemail.com"]
[Date "2019.05.19"]
[Round "1"]
[White "Mitja"]
[Black "Claudia"]
[WhiteElo "2030"]
[BlackElo "2140"]
[Result "0-1"]
[Round "1"]
1.d4 d5
2.e3 e6
3.c3 c5
4.dxc5 Bf8xc5
5.Ng1f3 Ng8f6
6.b3 O-O
7.Bf1d3 Nb8c6
8.Bc1b2 e5
9.Bd3c2 Bc8g4
10.Qd1d2 Bg4xf3
11.gxf3 d4
12.cxd4 exd4
13.exd4 Rf8e8
14.Kf1 Nc6xd4
15.Kg2 Qd8d5
16.Bb2xd4 Qd5xd4
{ resign }
0-1

[Event "Tourn. n10128"]
[Site "www.echecsemail.com"]
[Date "2019.05.19"]
[Round "1"]
[White "Conde7"]
[Black "Asoka"]
[WhiteElo "2800"]
[BlackElo "2730"]
[Result "1/2-1/2"]
[Round "1"]
1.a3 e5
2.c4 Ng8f6
3.Nb1c3 Nb8c6
4.Ng1f3 d5
5.cxd5 Nf6xd5
6.Qd1c2 Nd5xc3
7.dxc3 Qd8f6
8.e4 Bf8d6
9.Bf1e2 O-O
10.Bc1e3 a5
11.O-O Bc8g4
12.a4 h6
13.Rf1d1 Nc6e7
14.Rd1e1 Ne7g6
15.Nf3d2 Bg4c8
16.Re1d1 Bd6e7
17.Nd2c4 b6
18.Ra1b1 Qf6c6
19.Rd1d5 f6
20.Be2f1 Bc8e6
21.b3 Ng6h8
22.Rd5d1 Nh8f7
23.Nc4d2 Nf7d6
24.Bf1d3 Ra8d8
25.Nd2f1 h5
26.Be3c1 h4
27.h3 f5
28.exf5 Rf8xf5
29.Nf1e3 Rf5g5
30.c4 Be6xh3
31.Bd3f1 Rd8e8
32.b4 Qc6f3
33.Kh2 Qf3f4
34.Kg1 Qf4f3
35.c5 Nd6e4
36.Rd1d5 Be7f8
37.Rb1b2 Rg5g6
38.Rd5d1 Re8e6
39.Kh2 { draw }
1/2-1/2

[Event "Match"]
[Site "www.echecsemail.com"]
[Date "2019.05.19"]
[Round "1"]
[White "C17"]
[Black "Jerome"]
[WhiteElo "1499"]
[BlackElo "1499"]
[Result "0-1"]
[Round "1"]
1.e4 c5
2.Bf1b5 a6
3.Bb5c4 e6
4.Qd1h5 Ng8f6
5.Qh5h4 Nb8c6
6.a3 d5
7.Bc4e2 Nf6xe4
8.Qh4xd8 Nc6xd8
 { time }
0-1

[Event "Match"]
[Site "www.echecsemail.com"]
[Date "2019.05.19"]
[Round "1"]
[White "Cal"]
[Black "C17"]
[WhiteElo "1590"]
[BlackElo "1499"]
[Result "1-0"]
[Round "1"]
1.c4 e5
2.e4 Bf8b4
3.a3 Bb4c5
4.Ng1f3 Qd8e7
5.b4 Bc5d4
6.d3 Bd4xa1
7.Bc1g5 Qe7d6
8.Qd1c2  { time }
1-0

[Event "Tourn. n10119"]
[Site "www.echecsemail.com"]
[Date "2019.05.20"]
[Round "1"]
[White "Bojan"]
[Black "Scasan55"]
[WhiteElo "2050"]
[BlackElo "1960"]
[Result "1-0"]
[Round "1"]
1.d4 e6
2.e4 d5
3.exd5 exd5
4.a3 a6
5.h3 Nb8c6
6.Bc1e3 Ng8f6
7.Bf1d3 Bf8b4
8.axb4 Nc6xb4
9.Bd3e2 O-O
10.Ng1f3 Bc8f5
11.Nb1a3 Ra8c8
12.Nf3e5 Nf6e4
13.c3 Nb4c6
14.Be2g4 Bf5xg4
15.Qd1xg4 Qd8d6
16.Ne5xc6 Qd6xc6
17.O-O Rc8e8
18.f3 f5
19.Qg4h4 Re8e6
20.fxe4 Re6xe4
21.Qh4g5 h6
22.Qg5g3 Rf8f6
23.Rf1f3 g5
24.Be3d2 f4
25.Qg3g4 Re4e2
26.Ra1d1 Kh7
27.Na3c2 Qc6a4
28.Rf3f1 Re2e6
29.Nc2e1 Qa4b5
30.b4 Re6e4
31.Ne1f3 a5
32.bxa5 Qb5xa5
33.h4 c5
34.hxg5 Rf6g6
35.Qg4d7 Rg6g7
36.Qd7xd5 Re4e2
37.dxc5 Qa5b5
38.c4 Qb5b2
39.Qd5d3 { resign }
1-0

[Event "Tourn. n10124"]
[Site "www.echecsemail.com"]
[Date "2019.05.20"]
[Round "1"]
[White "Yudoka"]
[Black "D4minance"]
[WhiteElo "2410"]
[BlackElo "2650"]
[Result "0-1"]
[Round "1"]
1.d4 Ng8f6
2.c4 e6
3.Ng1f3 d5
4.Nb1c3 Bf8b4
5.cxd5 exd5
6.Bc1g5 h6
7.Bg5h4 O-O
8.Qd1c2 c5
9.e3 c4
10.Nf3d2 g5
11.Bh4g3 Nb8c6
12.a3 Bb4a5
13.Bf1e2 Rf8e8
14.b4 cxb3
15.Nd2xb3 Bc8f5
16.Qc2b2 Qd8b6
17.O-O Ba5xc3
18.Qb2xc3 Nf6e4
{ resign }
0-1

[Event "Tourn. n10127"]
[Site "www.echecsemail.com"]
[Date "2019.05.20"]
[Round "1"]
[White "Bojan"]
[Black "Sorim"]
[WhiteElo "2030"]
[BlackElo "2160"]
[Result "0-1"]
[Round "1"]
1.e4 e5
2.Ng1e2 Ng8f6
3.Nb1c3 c6
4.d4 exd4
5.Ne2xd4 d5
6.exd5 cxd5
7.Bf1b5 Bc8d7
8.Qd1e2 Bf8e7
9.O-O O-O
10.Bc1g5 Nb8c6
11.Nd4xc6 bxc6
12.Bb5d3 Rf8e8
13.Rf1e1 Be7b4
14.Qe2f3 Bb4xc3
15.bxc3 Re8xe1
16.Ra1xe1 h6
17.Bg5e3 Nf6g4
18.Be3c5 Qd8c7
19.g3 Ng4e5
20.Qf3g2 Bd7g4
21.h3 Ne5f3
22.Kf1 Nf3xe1
23.Kxe1 Bg4e6
24.g4 Qc7a5
25.Bc5d4 Qa5xa2
26.h4 Ra8b8
27.h5 Rb8b1
28.Kd2 Qa2a1
29.Bd3e2 Rb1g1
30.Qg2h3 Be6c8
31.Bd4e3 Bc8a6
32.Be2xa6 Qa1d1
{ resign }
0-1

[Event "Tourn. n10119"]
[Site "www.echecsemail.com"]
[Date "2019.05.20"]
[Round "1"]
[White "Bira47"]
[Black "Iko"]
[WhiteElo "1960"]
[BlackElo "1810"]
[Result "1-0"]
[Round "1"]
1.c4 c5
2.g3 e5
3.Bf1g2 Nb8c6
4.a3 Nc6d4
5.e3 Nd4e6
6.Ng1e2 d6
7.Nb1c3 f5
8.f4 e4
9.Nc3d5 Ng8e7
10.Ne2c3 Ne7xd5
11.cxd5 Qd8f6
12.b4 Ne6c7
13.Ra1b1 Bc8d7
14.Bc1b2 Qf6g6
15.O-O cxb4
16.axb4 Nc7a6
17.b5 Na6c5
18.Bb2a1 Nc5d3
19.Nc3e2 Ra8c8
20.Ne2c1 Bd7xb5
21.Rb1xb5 Rc8xc1
22.Qd1xc1 Nd3xc1
23.Rf1xc1 Qg6f7
24.Rc1c8 Kd7
25.Rc8b8 Kc7
26.Rb8xb7 Kc8
27.Rb7xf7 a6
28.Rb5b7 g6
29.Ba1xh8 a5
30.Rb7a7 Kb8
31.Bh8d4 a4
32.Rf7xf8 
1-0

[Event "Match"]
[Site "www.echecsemail.com"]
[Date "2019.05.20"]
[Round "1"]
[White "Ssharp"]
[Black "Mitja"]
[WhiteElo "2290"]
[BlackElo "2120"]
[Result "1-0"]
[Round "1"]
1.c4 d5
2.cxd5 Qd8xd5
3.Nb1c3 Qd5d8
4.d4 e6
5.e4 c6
6.Ng1f3 h6
7.Qd1b3 Ng8f6
8.Bf1d3 b6
9.O-O Bc8b7
10.Rf1d1 Qd8c7
11.e5 Nf6d5
12.Nc3xd5 cxd5
13.Bc1e3 Bf8e7
14.Ra1c1 Qc7d7
15.Rc1c3 O-O
16.Rd1c1 Rf8c8
17.Rc3xc8 Bb7xc8
18.Bd3h7 Kxh7
19.Qb3c2 g6
20.Qc2xc8 Qd7xc8
21.Rc1xc8 Kg7
22.g3 Be7f8
23.h4 h5
24.Be3g5 a6
25.Bg5d8 b5
26.Bd8c7 Bf8e7
27.Rc8xb8 { resign }
1-0

[Event "Match"]
[Site "www.echecsemail.com"]
[Date "2019.05.20"]
[Round "1"]
[White "Fegatux"]
[Black "Joseph1983"]
[WhiteElo "2250"]
[BlackElo "2190"]
[Result "1/2-1/2"]
[Round "1"]
1.e4 c5
2.Ng1f3 d6
3.d4 cxd4
4.Qd1xd4 Nb8c6
5.Bf1b5 Bc8d7
6.Bb5xc6 Bd7xc6
7.O-O Ng8f6
8.Nb1c3 g6
9.e5 dxe5
10.Qd4xd8 Ra8xd8
11.Nf3xe5 Bc6e4
12.Nc3b5 Rd8c8
13.c4 a6
14.Nb5c3 Be4f5
15.b3 Bf8g7
16.Bc1b2 Nf6g4
17.Ne5xg4 Bf5xg4
18.Rf1e1 b5
19.Nc3a4 Bg7xb2
20.Na4xb2 bxc4
21.Nb2xc4 Bg4e6
22.Ra1c1 Be6xc4
23.Rc1xc4 Rc8xc4
24.bxc4 Kd7
25.f3 Rh8c8
26.Re1c1 Kd6
27.Kf2 Kc5
28.Ke3 Rc8d8
29.Rc1b1 Rd8d7
30.a4 Kxc4
31.f4 a5
32.Rb1b5 Rd7d3
33.Ke2 Rd3d7
34.Rb5xa5 Kb4
35.Ra5a8 e6
36.g4 f6
37.Ra8a6 f5
38.g5 Rd7e7
39.Kf3 Kc5
40.Ke3 e5
41.Ra6a5 Kd6
42.Ra5a6 Kd5
43.Ra6a5 Kd6
{ draw }
1/2-1/2

[Event "Tourn. n10043"]
[Site "www.echecsemail.com"]
[Date "2019.05.20"]
[Round "1"]
[White "Ssharp"]
[Black "Jaroslavpech"]
[WhiteElo "2260"]
[BlackElo "2600"]
[Result "0-1"]
[Round "1"]
1.e4 c6
2.d4 d5
3.e5 Bc8f5
4.Ng1f3 e6
5.Bf1d3 Bf5xd3
6.Qd1xd3 Ng8e7
7.O-O Nb8d7
8.Nb1d2 c5
9.c3 Ne7c6
10.a3 a6
11.b4 c4
12.Qd3c2 b5
13.a4 Nd7b6
14.axb5 axb5
15.Bc1b2 Nb6a4
16.Ra1a2 Bf8xb4
17.Qc2c1 Na4xc3
18.Ra2xa8 Nc3e2
{ resign }
0-1

[Event "1/64 Finale"]
[Site "www.chess-mail.com"]
[Date "2019.05.20"]
[Round "1"]
[White "Mitja"]
[Black "Claudia"]
[WhiteElo "2120"]
[BlackElo "2000"]
[Result "0-1"]
[Round "1"]
1.d4 d5
2.e3 e6
3.c3 Ng8f6
4.b3 c5
5.dxc5 Bf8xc5
6.Bc1b2 O-O
7.Ng1f3 Nb8c6
8.Nf3d4 e5
9.Nd4xc6 bxc6
10.Bf1e2 Qd8d6
11.h3 e4
12.Nb1d2 Bc8f5
13.b4 Bc5b6
14.a3 h6
15.Nd2b3 Bf5g6
16.Nb3d4 Bb6c7
17.Qd1a4 c5
18.bxc5 Qd6xc5
19.Qa4b4 Qc5d6
20.Qb4b3 a6
21.a4 Rf8b8
22.Qb3c2 Nf6d7
23.Bb2a3 Qd6f6
24.Ra1b1 Nd7e5
25.Rb1xb8 Bc7xb8
26.c4 dxc4
27.Be2xc4 Ne5xc4
28.Qc2xc4 Bb8d6
29.Ba3xd6 Qf6xd6
30.O-O Ra8b8
31.Rf1c1 Rb8b4
32.Qc4c8 Kh7
33.Qc8c6 Qd6xc6
34.Nd4xc6 Rb4xa4
35.Rc1b1 Ra4a2
36.g4 f5
37.Nc6e7 fxg4
38.hxg4 a5
39.Ne7xg6 Kxg6
40.Kg2 h5
41.gxh5 Kxh5
42.Kg3 g5
43.f3 exf3
44.Kxf3 a4
45.Ke4 Kh4
46.Kf5 g4
47.Kf4 Ra2f2
48.Ke4 a3
{ resign }
0-1

[Event "Tourn. n10120"]
[Site "www.echecsemail.com"]
[Date "2019.05.21"]
[Round "1"]
[White "Fegatux"]
[Black "Apdash"]
[WhiteElo "2290"]
[BlackElo "2180"]
[Result "1-0"]
[Round "1"]
1.d4 d5
2.c4 c6
3.Ng1f3 Nb8d7
4.Nb1c3 e6
5.g3 Ng8f6
6.Bf1g2 dxc4
7.a4 Bf8b4
8.O-O O-O
9.Qd1c2 Nf6d5
10.e4 Nd5f6
11.Rf1d1 b6
12.Nf3e5 Bc8b7
13.Ne5xc4 Qd8e7
14.e5 Nf6d5
15.Nc3e4 f6
16.Nc4d6 Bb7a6
17.f4 f5
18.Ne4c3 Bb4xd6
19.exd6 Qe7xd6
20.Nc3xd5 cxd5
21.b3 Ra8c8
22.Qc2d2 Nd7f6
23.Bc1a3 Qd6d7
24.Ba3xf8 Kxf8
25.Rd1c1 Nf6g4
26.Rc1xc8 Qd7xc8
27.Ra1c1 Qc8d8
28.Rc1c6 Qd8e7
29.Qd2e1 Kf7
30.h3 Ba6b7
31.Rc6c3 Ng4f6
32.Qe1e5 Nf6e8
33.Qe5b8 a5
34.Qb8a7 Kf6
35.Qa7xb6 h6
36.Qb6xa5 g5
37.Qa5c5 gxf4
38.Qc5xe7 Kxe7
39.gxf4 Kd6
40.b4 Ne8f6
41.Kf2 Nf6e4
42.Bg2xe4 dxe4
43.Ke3 h5
44.h4 Kd7
45.b5 Kd6
46.a5 { resign }
1-0

[Event "Tourn. n10103"]
[Site "www.echecsemail.com"]
[Date "2019.05.21"]
[Round "1"]
[White "Seger"]
[Black "Rons"]
[WhiteElo "2790"]
[BlackElo "2630"]
[Result "1/2-1/2"]
[Round "1"]
1.d4 Ng8f6
2.c4 e6
3.Bc1g5 Bf8b4
4.Nb1d2 h6
5.Bg5h4 c5
6.a3 Bb4xd2
7.Qd1xd2 g5
8.Bh4g3 Nf6e4
9.Qd2e3 Ne4xg3
10.hxg3 Qd8a5
11.Kd1 Qa5b6
12.Qe3d2 cxd4
13.c5 Qb6b3
14.Ke1 Nb8c6
15.Ng1f3 d3
16.Ra1c1 g4
17.Nf3h2 Rh8g8
18.Rc1c3 Qb3d5
19.Qd2xd3 Qd5xd3
20.exd3 f5
21.Bf1e2 Kf7
22.Nh2f1 Kg6
23.Nf1e3 b6
24.f3 h5
25.cxb6 axb6
26.Kf2 Bc8a6
27.Rc3c1 Ra8c8
28.Ne3c4 Ba6xc4
29.dxc4 Nc6d4
30.Be2d3 d6
31.Rh1h4 Kg5
32.Ke3 Nd4b3
33.Rc1h1 Rg8h8
34.fxg4 fxg4
35.Bd3e2 Nb3a5
36.Be2xg4 Na5xc4
37.Kd4 Kf6
38.Rh4xh5 Rh8xh5
39.Rh1xh5 e5
40.Kc3 Rc8c5
41.Bg4f3 Nc4xa3
42.Kd3 Na3c2
43.Rh5h6 { draw }
1/2-1/2

[Event "Match"]
[Site "www.echecsemail.com"]
[Date "2019.05.21"]
[Round "1"]
[White "D4minance"]
[Black "Geodad5"]
[WhiteElo "2570"]
[BlackElo "2130"]
[Result "1-0"]
[Round "1"]
1.d4 d5
2.c4 e6
3.Ng1f3 Ng8f6
4.g3 Bf8e7
5.Bf1g2 O-O
6.O-O c6
7.Qd1c2 Nb8d7
8.Nb1d2 dxc4
9.Nd2xc4 Nd7b6
10.Nc4e5 Nf6d5
11.a3 f6
12.Ne5d3 Be7d6
13.e4 Nd5c7
14.Rf1e1 Bd6e7
15.Bc1e3 Bc8d7
16.Nd3c5 Bd7c8
17.Ra1d1 Rf8f7
18.Qc2b3 Qd8f8
19.a4 a5
20.Qb3xb6 Be7xc5
21.dxc5 h6
22.Rd1d6 Rf7e7
23.Qb6b3 Kh7
24.e5 f5
25.g4 g6
26.Nf3h4 g5
27.gxf5 gxh4
28.f6 Re7d7
29.Bg2e4 Kh8
30.Kh1 Ra8b8
31.Re1g1 Rd7xd6
32.cxd6 Nc7e8
33.Be3xh6 Qf8xh6
34.f7 { resign }
1-0

[Event "Tourn. n10138"]
[Site "www.echecsemail.com"]
[Date "2019.05.21"]
[Round "1"]
[White "Reignblowcan"]
[Black "Yudoka"]
[WhiteElo "2620"]
[BlackElo "2410"]
[Result "1-0"]
[Round "1"]
1.c4 Ng8f6
2.Nb1c3 c5
3.Ng1f3 b6
4.d4 cxd4
5.Nf3xd4 e6
6.Nd4b5 d6
7.Bc1f4 e5
8.Bf4g5 a6
9.Bg5xf6 gxf6
10.Qd1d5 { resign }
1-0

[Event "Tourn. n10112"]
[Site "www.echecsemail.com"]
[Date "2019.05.21"]
[Round "1"]
[White "Fegatux"]
[Black "Francesco"]
[WhiteElo "2270"]
[BlackElo "2120"]
[Result "1-0"]
[Round "1"]
1.d4 d5
2.c4 c6
3.Ng1f3 Bc8g4
4.Nf3e5 Bg4h5
5.g3 e6
6.Bf1g2 dxc4
7.Ne5xc4 Bf8b4
8.Nb1c3 Ng8f6
9.O-O O-O
10.Bc1g5 Bb4e7
11.Qd1d2 Nb8d7
12.e4 Bh5g6
13.h3 Nf6e8
14.Bg5xe7 Qd8xe7
15.Qd2e2 Ra8d8
16.e5 Ne8c7
17.Nc4d6 Rd8b8
18.Nc3e4 Nc7d5
19.a3 Rf8d8
20.Ra1c1 h6
21.b4 Nd7b6
22.Ne4c5 Qe7c7
23.Qe2g4 Bg6f5
24.Nd6xf5 exf5
25.Qg4xf5 Nd5e7
26.Qf5g4 Nb6d5
27.Rf1e1 Rd8e8
28.e6 f6
29.Qg4h5 Kh7
30.Bg2xd5 Ne7xd5
31.Qh5f5 Kh8
32.b5 Nd5e7
33.Qf5h5 Rb8d8
34.Nc5d7 Ne7d5
35.bxc6 bxc6
36.Qh5f3 Qc7d6
37.Nd7c5 Nd5b6
38.Nc5b7 Qd6xd4
39.Nb7xd8 Qd4xd8
40.Qf3xc6 Kh7
41.Qc6e4 Kh8
42.e7 Qd8d7
43.Qe4e6 { resign }
1-0

[Event "Match"]
[Site "www.echecsemail.com"]
[Date "2019.05.21"]
[Round "1"]
[White "Liencam2"]
[Black "D4minance"]
[WhiteElo "2260"]
[BlackElo "2570"]
[Result "0-1"]
[Round "1"]
1.e4 c5
2.Nb1c3 a6
3.Ng1f3 d6
4.d4 cxd4
5.Nf3xd4 Ng8f6
6.Bc1e3 e6
7.f3 b5
8.g4 h6
9.Qd1d2 Nb8d7
10.O-O-O b4
11.Nc3e2 Qd8c7
12.Bf1g2 Nd7e5
13.b3 d5
14.exd5 Nf6xd5
15.f4 Ne5xg4
16.Bg2xd5 exd5
17.f5 Ng4xe3
18.Qd2xe3 Qc7e7
19.Qe3f3 Bc8b7
20.Rh1e1 O-O-O
21.Ne2g3 Qe7f6
22.Qf3d3 h5
23.Ng3f1 Bf8c5
24.Nf1e3 Kb8
25.Kb1 Qf6d6
26.Re1g1 Rd8e8
27.Rg1xg7 Re8e4
28.Rg7xf7 Re4xd4
29.Qd3f1 Qd6e5
30.Ne3g2 Rd4xd1
31.Qf1xd1 Rh8g8
32.Qd1f1 Rg8xg2
{ resign }
0-1

[Event "Match"]
[Site "www.echecsemail.com"]
[Date "2019.05.21"]
[Round "1"]
[White "Karlgrocer"]
[Black "Sonny1000"]
[WhiteElo "1890"]
[BlackElo "1570"]
[Result "1-0"]
[Round "1"]
1.d4 d5
2.e3 Ng8f6
3.Ng1f3 Nf6e4
4.Bf1e2 Nb8c6
5.O-O f6
6.Nb1d2 Ne4xd2
7.Bc1xd2 a6
8.c4 e5
9.dxe5 fxe5
10.cxd5 Nc6e7
11.Nf3xe5 Ne7xd5
12.Qd1b3 b5
13.Ne5c6 Qd8g5
14.Be2f3 Bc8d7
15.Bf3xd5 Bd7e6
16.Bd5xe6 Qg5g6
17.Bd2c3 h6
18.Qb3d5 Bf8d6
19.Bc3e5 Bd6xe5
20.Nc6xe5 Qg6h5
21.Qd5d7 Kf8
22.Ne5c6 Qh5e8
23.Qd7xe8 Ra8xe8
24.Be6d5 b4
25.Nc6xb4 Re8b8
26.Nb4c6 Rb8xb2
27.Nc6d4 Rb2d2
28.Bd5b3 g5
29.Nd4e6 Ke7
30.Ne6xc7 Rh8c8
31.Nc7xa6 Kd6
32.Rf1d1 Rd2d5
33.Bb3xd5 Ke5
34.Na6b4 Rc8c3
35.a3 Rc3b3
36.Bd5xb3 Kf5
37.g3 g4
38.Rd1d5 Ke4
39.Kg2 h5
40.Rd5d4 Kf5
41.Ra1c1 Ke5
42.Rc1c5 Kf6
43.Rd4d6 Ke7
44.Rd6h6 Kd7
45.Rc5g5 h4
46.Rg5g7 Kd8
47.Rh6h8 { resign }
1-0

[Event "Tourn. n10079"]
[Site "www.echecsemail.com"]
[Date "2019.05.21"]
[Round "1"]
[White "Nevaeh"]
[Black "Pdebonis"]
[WhiteElo "2780"]
[BlackElo "2700"]
[Result "1/2-1/2"]
[Round "1"]
1.Ng1f3 Ng8f6
2.d4 e6
3.c4 b6
4.g3 Bc8a6
5.b3 Bf8b4
6.Bc1d2 Bb4e7
7.Nb1c3 d5
8.cxd5 exd5
9.Bf1g2 O-O
10.O-O Ba6b7
11.Qd1c2 c5
12.Rf1d1 Nb8d7
13.Bd2e3 Ra8c8
14.dxc5 Nf6g4
15.Qc2d2 Ng4xe3
16.Qd2xe3 Be7xc5
17.Qe3d3 Nd7f6
18.e3 Qd8e7
19.Nf3d4 Rf8e8
20.Ra1c1 Nf6e4
21.Nc3e2 Qe7g5
22.Ne2f4 Qg5e5
23.Bg2h3 Rc8d8
24.Bh3g2 g6
25.Rc1c2 Rd8c8
26.Bg2h3 f5
27.Bh3g2 g5
28.Nf4e2 Kh8
29.Bg2h3 Bb7a6
30.Qd3xa6 Ne4xf2
31.Kxf2 Qe5xe3
32.Ke1 Qe3g1
33.Kd2 Qg1e3
{ draw }
1/2-1/2

[Event "Tourn. n10127"]
[Site "www.echecsemail.com"]
[Date "2019.05.21"]
[Round "1"]
[White "Francesco"]
[Black "Bojan"]
[WhiteElo "2110"]
[BlackElo "2000"]
[Result "1-0"]
[Round "1"]
1.d4 d5
2.Ng1f3 Nb8d7
3.Bc1g5 h6
4.Bg5h4 Ng8f6
5.e3 a6
6.c4 dxc4
7.Bf1xc4 c6
8.Qd1b3 e6
9.O-O Bf8e7
10.Nb1d2 b5
11.Bc4d3 Bc8b7
12.Ra1c1 g5
13.Bh4g3 Nd7f8
14.Nf3e5 Ra8c8
15.Rc1c2 Nf6d7
16.Rf1c1 Nd7xe5
17.Bg3xe5 f6
18.Be5g3 Qd8d7
19.Nd2e4 Nf8g6
20.Ne4xf6 Be7xf6
21.Bd3xg6 Ke7
22.Qb3b4 Kd8
23.Bg6e4 Bf6e7
24.Qb4a5 Ke8
25.Be4g6 Kf8
26.Bg3e5 Rh8g8
27.Bg6h7 Qd7d5
28.f3 g4
29.e4 Qd5d7
30.Bh7xg8 Kxg8
31.Qa5d2 Be7g5
32.Be5f4 Bg5xf4
33.Qd2xf4 gxf3
34.Qf4xf3 Qd7xd4
35.Kh1 Rc8c7
36.Qf3g4 Kh7
37.Qg4xe6 Qd4g7
38.Qe6f5 Kh8
39.Rc1f1 Kg8
40.Qf5e6 Kh8
41.Rc2f2 Bb7c8
42.Qe6f6 Bc8b7
43.Qf6d8 Kh7
44.Qd8xc7 Qg7xc7
45.Rf2f7 Qc7xf7
46.Rf1xf7 { resign }
1-0

[Event "Tourn. n10127"]
[Site "www.echecsemail.com"]
[Date "2019.05.21"]
[Round "1"]
[White "Fantomas"]
[Black "Francesco"]
[WhiteElo "2200"]
[BlackElo "2150"]
[Result "1/2-1/2"]
[Round "1"]
1.e4 c6
2.Nb1c3 d5
3.exd5 cxd5
4.d4 Bc8f5
5.h3 h6
6.Bc1e3 Ng8f6
7.Bf1b5 Nb8c6
8.Ng1f3 e6
9.a3 Bf8d6
10.Qd1d2 O-O
11.O-O a6
12.Bb5e2 Ra8c8
13.g4 Bf5h7
14.Ra1c1 b5
15.Nc3a2 Nf6e4
16.Qd2d1 Qd8c7
17.c3 Nc6e7
18.Na2b4 Qc7b6
19.Nb4d3 Qb6b8
20.Nd3e5 Qb8c7
21.Kg2 f6
22.Ne5d3 f5
23.Nf3g1 fxg4
24.Be2xg4 Bh7f5
25.f4 Bf5xg4
26.hxg4 Ne7g6
27.Ng1e2 Ng6h4
28.Kh3 Qc7e7
29.Qd1e1 Nh4g6
30.Nd3e5 Ng6xe5
31.fxe5 Bd6c7
32.Ne2f4 Ne4g5
33.Kg2 Qe7e8
34.Qe1h4 Bc7d8
35.Qh4h5 Qe8xh5
{ draw }
1/2-1/2

[Event "1/16 Finale"]
[Site "www.chess-mail.com"]
[Date "2019.05.21"]
[Round "1"]
[White "Buchauer"]
[Black "Corr"]
[WhiteElo "2860"]
[BlackElo "2240"]
[Result "1-0"]
[Round "1"]
1.d4 Ng8f6
2.c4 g6
3.f3 d5
4.cxd5 Nf6xd5
5.e4 Nd5b6
6.Nb1c3 Bf8g7
7.Bc1e3 O-O
8.Qd1d2 e5
9.d5 c6
10.h4 cxd5
11.exd5 h5
12.g4 Nb8a6
13.d6 Na6b4
14.Nc3e4 Nb4d5
15.Be3xb6 Nd5xb6
16.gxh5 gxh5
17.O-O-O Bc8f5
18.Kb1 Ra8c8
19.Ka1 Bf5xe4
20.fxe4 Qd8f6
21.Bf1h3 Rc8c6
22.d7 Rf8d8
23.Ng1e2 Nb6c4
24.Qd2d3 Qf6f2
25.Rh1g1 Qf2b6
26.Qd3b1 Nc4e3
27.Rd1c1 Rc6g6
28.Ne2g3 Kf8
29.Qb1d3 a5
30.Qd3a3 Kg8
31.Qa3b3 Qb6xb3
32.axb3 Bg7f8
33.Rc1c3 Ne3g4
34.Ng3xh5 Ng4f2
35.Rg1xg6 fxg6
36.Bh3e6 Kh8
37.Nh5g3 Bf8e7
38.Rc3f3 Be7xh4
39.Rf3xf2 Bh4xg3
40.Rf2g2 Bg3f4
41.Rg2xg6 Bf4e3
42.Be6g4 Be3d4
43.Ka2 b5
44.b4 axb4
45.Kb3 Kh7
46.Bg4f5 Kh8
47.Rg6e6 Kg7
48.Re6e8 Bd4b6
49.Kxb4 { resign }
1-0

[Event "1/128 Finale"]
[Site "www.chess-mail.com"]
[Date "2019.05.21"]
[Round "1"]
[White "Ff333"]
[Black "Mitja"]
[WhiteElo "2000"]
[BlackElo "2090"]
[Result "0-1"]
[Round "1"]
1.e4 d5
2.Qd1f3 dxe4
3.Qf3xe4 e6
4.d4 c6
5.Ng1f3 h6
6.Bf1c4 Ng8f6
7.Qe4d3 Bf8e7
8.Nf3e5 Nb8d7
9.f4 Nd7xe5
10.fxe5 Nf6d5
11.O-O Be7f8
12.Qd3f3 Qd8d7
13.Nb1c3 Nd5xc3
14.Qf3xc3 b6
15.a4 Bc8b7
16.Qc3d3 Qd7c7
17.Qd3f3 c5
18.Qf3f4 cxd4
19.Qf4h4 Qc7xc4
20.c3 Qc4d5
21.Qh4g3 dxc3
22.bxc3 g6
23.Bc1b2 Bf8g7
24.Rf1e1 O-O
25.Bb2a3 Rf8d8
26.Ba3d6 Bg7f8
27.Ra1d1 Qd5c6
28.Bd6xf8 Kxf8
29.Qg3f2 Rd8xd1
30.Re1xd1 Qc6xa4
31.Qf2d2 Kg7
32.Rd1f1 Qa4c6
33.Qd2f2 Ra8f8
34.Qf2b2 a5
35.h3 h5
36.c4 Qc6c5
37.Rf1f2 Rf8d8
38.Kh2 Bb7a6
39.Rf2c2 Rd8c8
40.Qb2c1 Qc5xe5
{ resign }
0-1

[Event "Fast Game"]
[Site "www.echecsemail.com"]
[Date "2019.05.21"]
[Round "1"]
[White "Hennie4820"]
[Black "Jerome"]
[WhiteElo "1640"]
[BlackElo "1599"]
[Result "0-1"]
[Round "1"]
1.e4 c5
2.Ng1f3 e6
3.d4 cxd4
4.Nf3xd4 Ng8f6
5.Nb1c3 d6
6.Bf1e2 a6
7.O-O b5
8.a3 Bc8b7
9.f3 Nb8d7
10.Bc1e3 Ra8c8
11.Qd1e1 Bf8e7
12.Qe1g3 O-O
13.Ra1d1 Kh8
14.f4 Nf6xe4
15.Nc3xe4 Bb7xe4
16.c3 Nd7b6
17.f5 e5
18.Nd4b3 Be4c2
{ resign }
0-1

[Event "Tourn. n10132"]
[Site "www.echecsemail.com"]
[Date "2019.05.22"]
[Round "1"]
[White "Coolant"]
[Black "Conde7"]
[WhiteElo "2340"]
[BlackElo "2810"]
[Result "0-1"]
[Round "1"]
1.c4 e6
2.Nb1c3 d5
3.cxd5 exd5
4.d4 c6
5.Bc1f4 Ng8f6
6.Qd1c2 g6
7.Ng1f3 Bc8f5
8.Qc2b3 Qd8b6
9.Qb3xb6 axb6
10.a3 b5
11.Bf4xb8 Ra8xb8
12.Nf3d2 Rb8a8
13.Ra1c1 b4
14.axb4 Bf8xb4
15.f3 h5
16.e3 Kd7
17.Bf1e2 Bb4xc3
18.bxc3 Ra8a2
19.Be2d1 Rh8a8
20.Rh1f1 Bf5d3
21.Bd1e2 Bd3xe2
22.Kxe2 Kc7
23.Kd3 c5
24.dxc5 Nf6d7
25.Rf1d1 Nd7xc5
26.Ke2 Ra8a3
27.h4 Nc5a4
{ resign }
0-1

[Event "Tourn. n10124"]
[Site "www.echecsemail.com"]
[Date "2019.05.22"]
[Round "1"]
[White "Coolant"]
[Black "D4minance"]
[WhiteElo "2350"]
[BlackElo "2650"]
[Result "0-1"]
[Round "1"]
1.Nb1c3 c5
2.e4 a6
3.a4 e6
4.Bf1c4 Nb8c6
5.Ng1f3 Ng8f6
6.O-O d5
7.exd5 exd5
8.Rf1e1 Bf8e7
9.Bc4f1 O-O
10.d4 h6
11.Bc1e3 Nf6g4
12.Qd1d2 Ng4xe3
13.Qd2xe3 Be7g5
14.Qe3d3 c4
15.Qd3d1 Bc8g4
16.Bf1e2 Bg5f6
17.h3 Bg4f5
18.Qd1d2 Qd8a5
19.b3 Bf6e7
20.Nc3b1 c3
21.Qd2d1 Bf5e4
22.Be2d3 Be4xf3
23.Qd1xf3 Nc6xd4
24.Qf3f4 Be7c5
25.Qf4e5 Ra8d8
26.Nb1a3 Rd8d6
27.b4 Qa5xb4
28.Re1b1 Qb4a5
29.Rb1xb7 Nd4c6
30.Qe5f5 g6
31.Qf5f4 Kg7
32.h4 Rd6f6
{ resign }
0-1

[Event "Tourn. n10085"]
[Site "www.echecsemail.com"]
[Date "2019.05.22"]
[Round "1"]
[White "Fabos12"]
[Black "Pariolinius"]
[WhiteElo "1890"]
[BlackElo "1840"]
[Result "1-0"]
[Round "1"]
1.d4 Ng8f6
2.Ng1f3 e6
3.Bc1g5 Bf8e7
4.Nb1d2 d5
5.c3 O-O
6.Bg5xf6 Be7xf6
7.e4 b6
8.e5 Bf6e7
9.h3 Nb8d7
10.g4 c5
11.Bf1b5 a6
12.Bb5c6 Ra8b8
13.h4 b5
14.a4 Qd8c7
15.axb5 axb5
16.Bc6xd7 Bc8xd7
17.g5 cxd4
18.cxd4 b4
19.Nd2b3 Bd7b5
20.Ra1c1 Qc7b6
21.Nb3c5 Rb8c8
22.Nf3d2 Be7xc5
23.dxc5 Rc8xc5
24.Nd2b3 Rc5c4
25.Rc1xc4 Bb5xc4
26.Nb3d4 Rf8a8
27.b3 Bc4a6
28.f3 Qb6c5
29.Kf2 Ba6b7
30.Ke3 Qc5c3
31.Qd1d3 Bb7a6
32.Qd3xc3 bxc3
33.Rh1c1 Ra8c8
34.b4 g6
35.b5 Ba6b7
36.Kd3 Rc8c4
37.Rc1xc3 Rc4xc3
38.Kxc3 Kf8
39.Kb4 Ke7
40.Kc5 Kd7
41.Kb6 Bb7c8
42.Nd4b3 Kd8
43.Nb3c5 Ke7
44.Kc7 { resign }
1-0

[Event "Tourn. n10110"]
[Site "www.echecsemail.com"]
[Date "2019.05.22"]
[Round "1"]
[White "Bojan"]
[Black "Orhany24"]
[WhiteElo "2030"]
[BlackElo "2080"]
[Result "0-1"]
[Round "1"]
1.e4 d5
2.exd5 Qd8xd5
3.Nb1c3 Qd5d8
4.h3 e5
5.Ng1f3 Nb8d7
6.d4 exd4
7.Nf3xd4 Ng8f6
8.Bf1d3 Bf8e7
9.Nd4f5 O-O
10.O-O h6
11.Rf1e1 Be7c5
12.Nc3a4 b6
13.Qd1f3 Ra8b8
14.Qf3g3 Nf6h5
15.Qg3f3 Nh5f6
16.Bc1d2 Bc8b7
17.Qf3g3 Nf6h5
18.Qg3g4 Nd7f6
19.Qg4c4 Bb7d5
20.Nf5e7 Bc5xe7
21.Qc4c3 a5
22.Re1e2 Be7b4
23.Qc3d4 Bb4d6
24.c4 Bd5c6
25.Qd4c3 Bc6xa4
26.Bd3f5 Ba4d7
27.Bf5e4 Nf6xe4
28.Re2xe4 Nh5f6
29.Re4e3 Bd7c6
30.Ra1e1 Bd6b4
{ resign }
0-1